Statistics for Financial Abbreviations Quiz

Click here to take the quiz!

General Stats

  • This quiz has been taken 17,354 times
  • The average score is 11 of 20

Answer Stats

Abbreviation What It Stands For % Correct
NYSENew York {Stock} {Exchange}
88%
WSJ{Wall} {Street} Journal
85%
GDP{Gross} {Domestic} Product
82%
FOREX{Foreign} Exchange
81%
ROI{Return} on Investment
80%
ATM{Automated} {Teller} Machine
76%
P&L{Profit} & Loss
75%
IRS{Internal} {Revenue} Service
72%
M&A{Mergers} & Acquisitions
56%
CDCertificate of {Deposit}
54%
APRAnnual {Percentage} {Rate}
53%
S&L{Savings} & Loan
51%
EPS{Earnings} per Share
49%
IPO{Initial} {Public} Offering
47%
IRAIndividual {Retirement} {Account}
43%
P/E{Price}/Earnings
37%
ARM{Adjustable} {Rate} Mortgage
35%
COLA{Cost} {of} {Living} Adjustment
27%
HELOC{Home} {Equity} Line of Credit
23%
ETF{Exchange}-{traded} Fund
15%

Score Distribution

Percentile by Number Answered

Percent of People with Each Score

Your Score History

You have not taken this quiz